| 000 | 00452pab a2200181 454500 | ||
|---|---|---|---|
| 008 | 180718b2010 xxu||||| |||| 00| 0 eng d | ||
| 100 | _aLee, Sang M. | ||
| 245 | _aThe impact of convergence on organizational innovation | ||
| 260 | _c2010 | ||
| 300 | _ap.218-225. | ||
| 362 | _aJul-Sep | ||
| 650 | _aOrganizations | ||
| 700 | _aTrimi, Silvana | ||
| 700 | _aOlson, David L. | ||
| 773 | _aOrganizational Dynamics | ||
| 908 | _aN | ||
| 909 | _a90082 | ||
| 999 |
_c90082 _d90082 |
||